000 01192 a2200181 4500
003 Nust
005 20230704133931.0
010 _a6818420
040 _cNust
082 _a510,MEH
100 _a Lyle E. Mehlenbacher
_9113305
245 _aIntroduction to modern mathematics /
_c Lyle E. Mehlenbacher
260 _aBoston,
_b Prindle, Weber & Schmidt
_c [1968]
300 _axvi, 384 p.
_b illus. 24 cm.
505 _aThe Mathematics Language (Page-1), The Calculus of Statements (Page-11), Universe, Sets and Boolean Algebra (Page-21), Relations, Functions and Graphs (Page-55), Rudimentary Algebras (Page-67), Geometries, Pure and Simple (Page-97), Analytic Geometry in the Cartesian Plane (Page-111), Analytic Geometry in 3-Space (Page-151), The Trigonometric Functions and the Circular Functions (Page-175), Complex Numbers (Page-207), Sets of Points (Page-221), Finite Calculus (Page-235), Calculus of Derivatives (Page-253), The Calculus of Integrals (Page-273), The Circular, Exponential Logarithmic and Hyperbolic Functions (Page-291), Zeros and Polynomials (Page-317), Mathematical bases for Borrowing and Lending Money (Page-331).
650 _amathematics
942 _2ddc
_cBKB
999 _c180044
_d180044